Quiz Pokémon Culture Générale - Statistiques

Statistiques générales
  • Ce quiz a été pris 78 fois
    7 depuis la dernière actualisation
  • Le résultat moyen est 24 sur 45
Statistiques - réponses
Question Réponse % Correct
Le nombre total de types Acier présents en 2G 6
100%
Le niveau d'évolution de Diamat en Trioxhydre 64
100%
GENERATION 2
Le type de la première arène
GEN 2
Vol
100%
GENERATION 3
La couleur du shiny de Kyogre
GEN 3
Rose
100%
Un champion qui ne nous donne pas son badge tout de suite après l'avoir battu Blanche/Sandra
86%
Une ville sans arène Pokémon Bourg-Palette/Lavanville
86%
GENERATION 5
Profession de Tcheren, outre champion d'arène, dans N2B2
GEN 5
Enseignant
86%
GENERATION 6
Le nom de la grande tour d'Illumis
GEN 5
Tour Prismatique
86%
Le manège emprunté par le joueur et N Grande-roue
86%
Le Pokémon "ace" de Lysandre Léviator
86%
La capacité signature d'Octillery Octazooka
86%
Le "Pokémon Météorite" Séléroc/Solaroc
86%
La ville où vit la grand-mère de Cynthia Célestia
71%
GENERATION 4
L'accessoire pour explorer les souterrains
GEN 4
Explorakit
71%
GENERATION 9
Les deux types de prédilection d'Okuba (champion d'arène & ligue)
GEN 9
Normal & Vol
71%
Un Pokémon de type feu capturable à l'état sauvage, dans Diamant/Perle Ponyta
71%
L'emplacement de la Master Ball Sylphe SARL
71%
Le talent caché de Flambusard Ailes Bourrasque
57%
La CT donnée par Pierre Rochard Ailes d'Acier
57%
L'attaque à la plus faible puissance Constriction
57%
GENERATION 7
La Pokémonture qui remplace le Cherch'Objet
GEN 6
Mastouffe
57%
Le nom de la personne fascinée par Suicune Eusine
57%
Le Pokémon numéro 1000 Gromago
57%
Objet qui immunise aux effets secondaires des attaques Cape Obscure
43%
Le Pokémon avec la plus grosse stat de défense Crustabri
43%
GENERATION 1
Le nom du bateau
GEN 1
L'Océane
43%
GENERATION 8
Le Pokémon qui accompagne Sonya
GEN 7
Voltoutou
43%
Un nouveau Pokémon qui porte le même nom qu'un talent Épine-de-Fer
43%
L'attaque signature de Palarticho Joute Astrale
43%
La personne qui s'occupe du Poké Loisir Mohn
43%
Le lieu où se trouve le Tranchodon chromatique Réserve Naturelle
43%
Où peut-on obtenir Magearna couleur du passé ? Sur le Pokémon HOME
43%
Un grigri venant d'Alola, donné par un PNJ Bibelot Bizarre
29%
Un talent codé dans le jeu mais inutilisé Cacophonie
29%
Le nom de l'uns de nos protagonistes (bonne chance) Elio/Selene
29%
Objet à utiliser qui favorise les appels SOS Orbe Frousse
29%
Le nom de la capacité Dynamax de type Poison Toxinomax
29%
Endroit où l'on peut capturer Simularbre Zone de Combat
29%
Lieu pour faire évoluer Magnéton en Magnézone Canyon de Poni/Mont Ardent
14%
Mini-jeu permettant d'obtenir une Baie Enigma Chasse aux Monstres
14%
La ville française dont est inspiré Neuvartault Fontainebleau
14%
La signification du sigle "GTS" Global Trade Station
14%
Le nom du garçon, si on joue la fille Louka
14%
Le grand pont reliant les routes 15 et 16 Pont de l'Inconnu
14%
Objet d'évolution de Théoffroi Théière Fêlée/Ébréchée
14%
Aucun quiz correspondant
Distribution des résultats
% des personnes avec chaque résultat
Percentile par nombre de réponses
Votre historique - résultats
Vous n’avez pas pris ce quiz depuis la dernière actualisation